| 000 | 01296nam0a2200337 4500 | ||
|---|---|---|---|
| 001 | RU\NLR\bibl\102823 | ||
| 005 | 20260406121253.0 | ||
| 010 | _a5-04-004306-6 | ||
| 010 |
_a5-04-000412-5 _915000 |
||
| 021 |
_aRU _b2000-14058 _9680 |
||
| 035 | _a(NLR Aleph) 000100582 | ||
| 090 |
_a567764 _c567764 |
||
| 100 | _a20000810d2000 |||y0rusy50 ca | ||
| 101 | 0 | _arus | |
| 102 | _aRU | ||
| 105 | _aa ||||||||| | ||
| 200 | 1 |
_aЧерный список _aПосмертный образ _e[Романы] _fАлександра Маринина |
|
| 210 |
_aМ. _cЭКСМО-Пресс _cЭКСМО-МАРКЕТ _d2000 |
||
| 215 |
_a412,[2] с. _d20 _cпортр. |
||
| 225 | 1 | _aДетектив глазами женщины | |
| 320 | _aДр. произведения авт. в конце кн. | ||
| 686 | _aШ6(2=Р)75-446 | ||
| 700 | 1 |
_4070 _8rus _7ca _aМаринина _bА. Б. _gАлександра Борисовна _f1957- _3RU\NLR\auth\77515 _9110564 |
|
| 801 | 0 |
_aRU _bNLR _c20000810 _gPSBO |
|
| 801 | 1 |
_aRU _bNLR _c20000810 |
|
| 830 | _aАвт. по кн. | ||
| 852 |
_aNLR _j2000-3/7415 |
||
| 942 | _cBOOK | ||
| 980 | _aNB | ||